Управление персоналом коммерческого банка; Прогрессивные технологии и экономика в машиностроении; Т. 2

Dades bibliogràfiques
Parent link:Прогрессивные технологии и экономика в машиностроении: труды III Всероссийской научно-практической конференции, 19-21 мая 2005 года, Юрга/ Томский политехнический университет ; под ред. О. Ю. Ретюнского.— , 2005
Т. 2.— 2005.— С. 72-73
Autor principal: Игольникова Е. Н.
Altres autors: Гасанов М. А. Магеррам Али оглы
Idioma:rus
Publicat: 2005
Matèries:
Format: MixedMaterials Capítol de llibre
KOHA link:https://koha.lib.tpu.ru/cgi-bin/koha/opac-detail.pl?biblionumber=137504

MARC

LEADER 00000naa2a2200000 4500
001 137504
005 20251203161544.0
035 |a (RuTPU)RU\TPU\book\149023 
090 |a 137504 
100 |a 20080513d2005 k y0rusy50 ca 
101 0 |a rus 
102 |a RU 
200 1 |a Управление персоналом коммерческого банка  |f Е. Н. Игольникова, М. А. Гасанов 
461 1 |0 (RuTPU)RU\TPU\book\118979  |t Прогрессивные технологии и экономика в машиностроении  |o труды III Всероссийской научно-практической конференции, 19-21 мая 2005 года, Юрга  |o в 2 т.  |f Томский политехнический университет ; под ред. О. Ю. Ретюнского  |d 2005 
463 0 |0 (RuTPU)RU\TPU\book\118379  |t Т. 2  |v С. 72-73  |d 2005 
610 1 |a банки 
610 1 |a коммерческие банки 
610 1 |a управление 
610 1 |a персонал 
610 1 |a кадры 
610 1 |a труды учёных ТПУ 
700 1 |a Игольникова  |b Е. Н. 
701 1 |a Гасанов  |b М. А.  |c экономист  |c профессор Томского политехнического университета, доктор экономических наук  |f 1963-  |g Магеррам Али оглы  |3 (RuTPU)RU\TPU\pers\28713  |9 13510 
801 1 |a RU  |b 63413507  |c 20080513  |g PSBO 
801 2 |a RU  |b 63413507  |c 20130710  |g RCR 
942 |c BK